000 00166nam a2200085Ia 4500
100 _a#N/A
942 _cBK
245 _a9th Anniversary Package -Playware
260 _b#N/A
999 _c18659
_d18659